Anais /
Guardado en:
| Autor Corporativo: | |
|---|---|
| Formato: | Libro |
| Idioma: | Portuguese |
| Publicado: |
Juiz de Fora :
Universidade federal,
1980.
|
| Etiquetas: |
Agregar Etiqueta
Sin Etiquetas, Sea el primero en etiquetar este registro!
|
| LEADER | 00510nam a22001455a 4500 | ||
|---|---|---|---|
| 001 | EUN.um023513 | ||
| 003 | AR-BaUNS | ||
| 005 | 20050623122902.0 | ||
| 008 | 041125s1980####bl############000#0#por#d | ||
| 245 | 1 | 0 | |a Anais / |c Seminario sobre a universidade brasileira. l. |
| 260 | |a Juiz de Fora : |b Universidade federal, |c 1980. | ||
| 300 | |a 373 p. | ||
| 082 | 0 | 4 | |a 378.981 |
| 110 | 2 | |a Seminario sobre a universidade brasileira. l. |c Juiz de Fora/MG, setembro de 1979. | |
| 859 | |a Ar-BaUNS |b BIB. CENTRAL - Sector C |h 378.981 |i Se52 |p 87347/981 |v 1 | ||
